Clerks in lowly orders (Record no. 374096)

000 -LEADER
fixed length control field 00356cam a22001337a 4500
008 - FIXED-LENGTH DATA ELEMENTS--GENERAL INFORMATION
fixed length control field 180718b1958 xxu||||| |||| 00| 0 eng d
082 ## - DEWEY DECIMAL CLASSIFICATION NUMBER
Classification number A383 M691
100 ## - MAIN ENTRY--PERSONAL NAME
Personal name Mitchel, Stuart
245 ## - TITLE STATEMENT
Title Clerks in lowly orders
Statement of responsibility, etc. by Stuart Mitchel
260 ## - PUBLICATION, DISTRIBUTION, ETC.
Place of publication, distribution, etc. London
Name of publisher, distributor, etc. Gollancz
Date of publication, distribution, etc. 1958
300 ## - PHYSICAL DESCRIPTION
Extent 200p.
500 ## - GENERAL NOTE
General note Fiction, 13/6
650 ## - SUBJECT ADDED ENTRY--TOPICAL TERM
Topical term or geographic name entry element Civil Service - Fiction
Holdings
Withdrawn status Lost status Damaged status Not for loan Permanent Location Current Location Date acquired Full call number Barcode Date last seen Price effective from Koha item type
        Indian Institute of Public Administration Indian Institute of Public Administration 1994-06-25 A383 M691 14679 2018-07-21 2018-07-21 Book

Powered by Koha